000 00775nam a2200217 4500
001 118738
003 ES-MaACL
005 20230906191150.0
007 t|
008 070214s1957 sp r ||||1| spa d
100 1 _aPetrarca, Francesco.
_991528
245 1 0 _aRimas en vida y en muerte de Laura
_b: triunfos /
_cFrancesco Petrarca ; traducción de Enrique Garcés y Hernando de Hoces ; prólogo y edición por Justo García Morales.
260 _aMadrid :
_bAguilar,
_c1957.
300 _a529 p. :
_b`retr. aut.` ;
_c12 cm.
490 1 _aCrisol
700 1 _aGarcés y Hernando de Hoces, Enrique.
_953985
700 1 _aGarcía Morales, Justo,
_d1914-1998
_954988
830 0 _aCrisol
_9180848
852 _aES-MaACL
_jC-18856
_bR.41177
999 _c118738
_d118738